000 00448nam a2200181Ia 4500
001 10558
005 20260306161841.0
008 260306t1976||||xx |||||||||||||| ||spa||
041 _aESP
082 _a940.27
_bB45
100 _aBergeron, Louis
_eAUT
245 0 _aLa época de las revoluciones europeas, 1780-1848
260 _c1976
300 _avii, 342 páginas :
_c18 cm.
650 _aGEN
654 _aCHU
942 _cLIB
_dJUS
_fJUS
_2ddc
_n
999 _c10558
_d10558